| 000 | 00570nam a2200181 a 4500 | ||
|---|---|---|---|
| 005 | 20220811145120.0 | ||
| 008 | 031009s2001 mx r 000 0 spa d | ||
| 020 | _a9688564907 | ||
| 035 | _aUPN01000129882 | ||
| 049 | _aCG | ||
| 050 | 4 |
_aHD2741 _bR6.3 |
|
| 100 | 1 |
_aRodríguez Mansilla, Darío _931008 |
|
| 245 | 1 | 0 |
_aGestión organizacional : _belementos para su estudio / _cDarío Rodríguez Mansilla. |
| 260 |
_aMéxico : _bUniversidad Iberoamericana : _bPlaza y Valdés, _c2001. |
||
| 300 | _a217 p. | ||
| 650 | 4 |
_aPlanificación empresarial _9497 |
|
| 905 | _aLibro | ||
| 999 |
_c102039 _d102039 |
||